Συναρτήσεις παραγωγής
Αποθηκεύτηκε σε:
| Κύριος συγγραφέας: | |
|---|---|
| Μορφή: | Βιβλίο |
| Γλώσσα: | Greek |
| Δημοσίευση: |
Αθήνα :
Σακκούλας,
c1971.
|
| Θέματα: | |
| Ετικέτες: |
Προσθήκη ετικέτας
Δεν υπάρχουν, Καταχωρήστε ετικέτα πρώτοι!
|
MARC
| LEADER | 00000cam a2200000 i 4500 | ||
|---|---|---|---|
| 001 | 1/60863 | ||
| 008 | 960429t1971 gr gre d | ||
| 035 | |l 10028791 | ||
| 040 | |a GR-MY-UA |b gre |e aacr | ||
| 041 | 0 | |a gre | |
| 082 | 0 | |a 338.0018 | |
| 100 | 1 | |a Heathfield, David F. | |
| 245 | 1 | 0 | |a Συναρτήσεις παραγωγής / |c David F. Heathfield. |
| 260 | |a Αθήνα : |b Σακκούλας, |c c1971. | ||
| 300 | |a 99 σ. : |b διαγρ., πίν. ; |c 21 εκ. | ||
| 650 | 0 | 0 | |a Production functions (Economic theory) |
| 852 | |a INST |b CHIOS |e 19960429 |h 338.0018 HEA |p 005200005624 |q 005200005624 |t BK |y 0 | ||
| 852 | |a INST |b CHIOS |c TSAMOYRGELIS |e 20190729 |h 338.0018 HEA |p 005200038788 |q 005200038788 |t BK |y 0 | ||
| 909 | |a Χ |b 000877 | ||
| 970 | |a Παροικάκη |b Βασιλική |z 29-07-2019 | ||